Библиография Победы

“Убежден: опыт солидарности, партнерства в годы борьбы с общей угрозой — это наше бесценное наследие, прочная опора именно сейчас, когда набирает силу необратимое движение к более справедливому многополярному миру, основанному на принципах доверия и неделимой безопасности, равных возможностей для самобытного и свободного развития всех стран и народов.”

В.В. Путин

Жизнь и приключения Николаса Никльби (Запись № 88865)

Подробности
000 -МАРКЕР
контрольное поле 01503nam2a2200277 4500
001 - ИДЕНТИФИКАТОР ЗАПИСИ
контрольное поле rc\2994787
005 - ИДЕНТИФИКАТОР ВЕРСИИ
контрольное поле 20250807181330.6
035 ## - ДРУГИЕ СИСТЕМНЫЕ НОМЕРА
Идентификатор записи (NLR Aleph) 007138571
100 ## - ДАННЫЕ ОБЩЕЙ ОБРАБОТКИ
Данные общей обработки 20110916d1941 u y0rusy50 ca
101 1# - ЯЗЫК РЕСУРСА
Язык текста, звукозаписи и т.д. русский
Язык оригинала английский
102 ## - СТРАНА ПУБЛИКАЦИИ ИЛИ ПРОИЗВОДСТВА
Страна публикации российская федерация
105 ## - ПОЛЕ КОДИРОВАННЫХ ДАННЫХ: ТЕКСТОВЫЕ МАТЕРИАЛЫ, МОНОГРАФИЧЕСКИЕ
Кодированные данные о монографическом текстовом документе y z |||||
200 1# - ЗАГЛАВИЕ И СВЕДЕНИЯ ОБ ОТВЕТСТВЕННОСТИ
Основное заглавие Жизнь и приключения Николаса Никльби
Первые сведения об ответственности Пер. А.В. Кривцовой
Последующие сведения об ответственности Рис. Физа
210 ## - ПУБЛИКАЦИЯ, РАСПРОСТРАНЕНИЕ И ДР.
Дата издания, распространения и т.д. 1941
215 ## - ФИЗИЧЕСКАЯ ХАРАКТЕРИСТИКА
Специфическое обозначение материала и объем 928 с.
300 ## - ОБЩИЕ ПРИМЕЧАНИЯ
Текст примечания На обороте тит. л.: The life and adventures of Nicholas Nickleby. By Charles Dickens. 1838-1839
461 #0 - УРОВЕНЬ НАБОРА
Встроенное поле 001rc\2994783
-- 2001#$aСобрание сочинений$e[Для ст. возраста]. Т. 1-$fПод ред., с биогр. очерком ["Жизнь Чарльза Диккенса" (1812-1870), с. 5-102] и прим. Евгения Ланна$vТ. 3
-- 700#1$aДиккенс$bЧ.$gЧарльз$f1812-1870
702 #1 - ИМЯ ЛИЦА - ВТОРИЧНАЯ ОТВЕТСТВЕННОСТЬ
Начальный элемент ввода Кривцова
Часть имени, кроме начального элемента ввода А. В.
Дополнения к именам, кроме дат переводчик
Даты 1896-1958
Расширение инициалов личного имени Александра Владимировна
Идентификатор авторитетной/нормативной записи RU\NLR\AUTH\770153720
Код отношения Переводчик
702 #1 - ИМЯ ЛИЦА - ВТОРИЧНАЯ ОТВЕТСТВЕННОСТЬ
Начальный элемент ввода Браун
Часть имени, кроме начального элемента ввода Х. Н.
Дополнения к именам, кроме дат художник
Даты 1815-1882
Расширение инициалов личного имени Хэблот Найт
Идентификатор авторитетной/нормативной записи RU\NLR\AUTH\770205368
Код отношения Иллюстратор
801 #0 - ИСТОЧНИК ЗАПИСИ
Страна российская федерация
Организация NLR
Правила каталогизации psbo
801 #1 - ИСТОЧНИК ЗАПИСИ
Страна российская федерация
Организация ELAR
Источник данных rusmarc
852 ## - МЕСТОНАХОЖДЕНИЕ И ШИФР ХРАНЕНИЯ
Идентификатор организации NLR
Шифр хранения (Call Number) Дл02 В-3/13
942 ## - ДОПОЛНИТЕЛЬНЫЕ ЭЛЕМЕНТЫ ЗАПИСИ (АБИС)
Тип экземпляра АБИС Неопределено
945 ## - Информацию об издании предоставили:
Полное название организации, предоставившей материал Российская национальная библиотека
--
980 ## - КОЛЛЕКЦИЯ
Название коллекции Библиография Победы

Нет доступных экземпляров.